<?xml version="1.0" encoding="UTF-8"?><?xml-stylesheet type="text/xsl" href="static/style.xsl"?><OAI-PMH xmlns="http://www.openarchives.org/OAI/2.0/" xmlns:xsi="http://www.w3.org/2001/XMLSchema-instance" xsi:schemaLocation="http://www.openarchives.org/OAI/2.0/ http://www.openarchives.org/OAI/2.0/OAI-PMH.xsd"><responseDate>2026-04-17T00:48:26Z</responseDate><request verb="GetRecord" identifier="oai:www.recercat.cat:2117/336287" metadataPrefix="marc">https://recercat.cat/oai/request</request><GetRecord><record><header><identifier>oai:recercat.cat:2117/336287</identifier><datestamp>2025-07-22T20:53:52Z</datestamp><setSpec>com_2072_1033</setSpec><setSpec>col_2072_452951</setSpec></header><metadata><record xmlns="http://www.loc.gov/MARC21/slim" xmlns:dcterms="http://purl.org/dc/terms/" xmlns:xsi="http://www.w3.org/2001/XMLSchema-instance" xmlns:doc="http://www.lyncode.com/xoai" xsi:schemaLocation="http://www.loc.gov/MARC21/slim http://www.loc.gov/standards/marcxml/schema/MARC21slim.xsd">
   <leader>00925njm 22002777a 4500</leader>
   <datafield ind2=" " ind1=" " tag="042">
      <subfield code="a">dc</subfield>
   </datafield>
   <datafield ind2=" " ind1=" " tag="720">
      <subfield code="a">Mira Tura, Nil</subfield>
      <subfield code="e">author</subfield>
   </datafield>
   <datafield ind2=" " ind1=" " tag="260">
      <subfield code="c">2020-07-10</subfield>
   </datafield>
   <datafield ind2=" " ind1=" " tag="520">
      <subfield code="a">Mitjançant la realització d’ aquest Treball Final de Grau, es busca l’ aplicació de diferents coneixements adquirits durant la carrera, centrant-se en protocols de comunicació, disseny electrònic i programació d’ un microcontrolador. &#xd;
En el present treball s’ha dissenyat un sistema d’ adquisició de dades per a un quadricòpter. Aquest sistema es basa en un microcontrolador PIC, al qual s’ hi connecten diversos sensors amb diferents mètodes d’ adquisició de dades i comunicació. Aquestes dades adquirides es tracten al propi microcontrolador, es guarden en una memòria externa i s’ envien mitjançant un sistema de radiofreqüència. &#xd;
Per a fer aquest sistema s’ ha hagut de dissenyar un hardware tenint en compte totes les especificacions dels diferents dispositius, així com una alimentació adaptada al dron, sense que augmenti molt el pes perquè no afecti a l’ estabilitat del vol. Amb tot això fet, també s’ ha hagut de dissenyar una placa PCB per a fer les connexions d’ una forma més polida i professional. &#xd;
Finalment, es disposa també d’ una estació receptora de dades, la qual mostra en temps real les variables que es van adquirint mitjançant els sensors en diverses pantalles LCD.</subfield>
   </datafield>
   <datafield tag="653" ind2=" " ind1=" ">
      <subfield code="a">Àrees temàtiques de la UPC::Enginyeria electrònica</subfield>
   </datafield>
   <datafield tag="653" ind2=" " ind1=" ">
      <subfield code="a">Drone aircraft</subfield>
   </datafield>
   <datafield tag="653" ind2=" " ind1=" ">
      <subfield code="a">Adquisició</subfield>
   </datafield>
   <datafield tag="653" ind2=" " ind1=" ">
      <subfield code="a">Dades</subfield>
   </datafield>
   <datafield tag="653" ind2=" " ind1=" ">
      <subfield code="a">Sistema</subfield>
   </datafield>
   <datafield tag="653" ind2=" " ind1=" ">
      <subfield code="a">Quadricòpter</subfield>
   </datafield>
   <datafield tag="653" ind2=" " ind1=" ">
      <subfield code="a">Dron</subfield>
   </datafield>
   <datafield tag="653" ind2=" " ind1=" ">
      <subfield code="a">Avions no tripulats</subfield>
   </datafield>
   <datafield tag="653" ind2=" " ind1=" ">
      <subfield code="a">Avions no tripulats -- Equip electrònic</subfield>
   </datafield>
   <datafield tag="653" ind2=" " ind1=" ">
      <subfield code="a">Avions no tripulats -- Sistemes de control</subfield>
   </datafield>
   <datafield ind2="0" ind1="0" tag="245">
      <subfield code="a">Disseny i muntatge d'un sistema d’adquisició de dades per a un quadricòpter</subfield>
   </datafield>
</record></metadata></record></GetRecord></OAI-PMH>